| 000 | 00569nam a22001937a 4500 | ||
|---|---|---|---|
| 999 |
_c7929 _d7929 |
||
| 003 | AR-CdUCM | ||
| 008 | 190321b ||||| |||| 00| 0 spa d | ||
| 040 |
_aMUNICIPALIDAD PROVINCIAL DEL CUSCO _cBIBLIOTECA MUNICIPAL DEL CUSCO |
||
| 082 |
_a508.8 / _bM36 |
||
| 100 |
_aMarshak Ilin, Yakovlevich, _922409 |
||
| 245 | _aUn paseo por la casa / | ||
| 260 |
_aBuenos Aires : _bEdit. Futuro, _c1959. |
||
| 300 |
_a127 paginas ; _c21 cm. |
||
| 505 | _aLiteratura | ||
| 650 |
_aCiencia _92098 |
||
| 650 |
_aLiteratura infantil _9588 |
||
| 942 |
_2ddc _cLIBROS |
||
| 945 | _awnts | ||